000 00674nam a22001817a 4500
999 _c61085
_d61085
005 20231215122006.0
008 231215s1974 ru ||||| |||| 00| 0 rus d
041 _arus
080 _a902/904 Ф-79
100 _aФормозов, А.А.
_920760
245 _aАрхеологические путешествия /
_cА.А. Формозов; Академия наук СССР.
264 _aМосква :
_bНаука,
_c1974.
300 _a118 с.:
_bил.;
_c20 см.
440 _aНаучно-популярная серия
_920761
653 _aარქეოლოგია
710 _a Академия наук СССР
_920762
942 _2udc
_cᲬᲘᲒᲜᲘ